Z jakiego państwa jest ten klub? #2 - Statystyki

Ogólne statystyki
  • Ten quiz został rozwiązany 482 razy
  • Średni wynik to 19 z 32
Statystyki odpowiedzi
Klub Państwo % Poprawnych
Macclesfield Anglia
70%
Munster Niemcy
70%
Ruch Brześć Białoruś
66%
Panetolikos Grecja
65%
Brest Francja
64%
Waterford Irlandia
64%
Santa Clara Portugalia
64%
Trnava Słowacja
64%
Konyaspor Turcja
63%
Aalborg Dania
62%
Kawasaki Japonia
62%
Waregem Belgia
61%
Gimnasia Argentyna
60%
Wolfsberger AC Austria
60%
Jenisej Rosja
60%
Barnsley Anglia
59%
Perth Glory Australia
59%
Molde Norwegia
59%
Kalmar Szwecja
59%
Cardiff Metropolitan Walia
59%
Pordenone Calcio Włochy
59%
Vålerenga Norwegia
58%
Minnesota USA
58%
Cruzeiro Brazylia
57%
Monterrey Meksyk
56%
Paderborn Niemcy
56%
Stal Stalowa Wola Polska
56%
Urawa Japonia
55%
Belenenses Portugalia
55%
Mirandes FC Hiszpania
53%
Den Bosch Holandia
53%
Pachuca Meksyk
53%
Nie znaleziono quizów pasujących do podanych kryteriów
Rozkład punktacji
Procent ludzi z każdym wynikiem
Percentyl według liczby udzielonych odpowiedzi
Twoja historia wyników
Nie rozwiązałeś tego quizu